Jednoduchý dynamický model zásob podniku

Odvodenie dynamického modelu zásob hotovej produkcie pomocou teórie optimálneho riadenia a jeho nutných a postačujúcich podmienok. Všeobecne známe skutočnosti o zásobách a o nákladoch spojených s tvorbou zásob. Teoretické východiská teórie optimálneho riadenia. Jednoduchý model zásob hotovej produkc...

Description complète

Enregistré dans:
Détails bibliographiques
Auteur principal: Mikušová, Nora, 1978-
Autres auteurs: Miťková, Veronika
Format: Chapitre de livre
Langue:slovaque
Sujets:
Tags: Ajouter un tag
Pas de tags, Soyez le premier à ajouter un tag!

MARC

LEADER 00000nla$a2200000$$$4500
001 0045728
005 20240502083125.2
041 0 |a slo 
044 |a CZ 
245 1 0 |a Jednoduchý dynamický model zásob podniku  |c Nora Mikušová, Veronika Miťková 
520 |a Odvodenie dynamického modelu zásob hotovej produkcie pomocou teórie optimálneho riadenia a jeho nutných a postačujúcich podmienok. Všeobecne známe skutočnosti o zásobách a o nákladoch spojených s tvorbou zásob. Teoretické východiská teórie optimálneho riadenia. Jednoduchý model zásob hotovej produkcie firmy. Autorky neuvažujú s minimalizáciou zásob, ale minimalizujú náklady na skladovanie a snažia sa dostať úroveň produkcie k jej efektívnej úrovni. Čo sa môže stať, ak sa zmenia niektoré z parametrov problému. 
610 2 0 |a podnik 
610 2 0 |a zásoby 
610 2 0 |a zásoby výrobkov hotových 
610 2 0 |a modely zásob 
610 2 0 |a teória riadenia 
610 2 0 |a riadenie optimálne 
100 1 |a Mikušová, Nora, 1978- 
700 1 |a Miťková, Veronika